| 000 | 00497nam a2200169Ia 4500 | ||
|---|---|---|---|
| 999 |
_c62 _d62 |
||
| 003 | OSt | ||
| 005 | 20201223100205.0 | ||
| 008 | 190216s9999||||xx |||||||||||||| ||und|| | ||
| 040 | _coclc | ||
| 082 |
_a297.12 _bWAT/C |
||
| 100 |
_a Watt, William Montgomery _92198 |
||
| 245 | 0 |
_aCompanion To The Qur`an / _cWilliam Montgomery Watt |
|
| 260 |
_bGeorge Allen & Unwin Ltd, _c1967. _aLondon: |
||
| 300 | _a355p | ||
| 650 | _aArabic | ||
| 942 |
_cBK _2ddc _h297.12 _iWAT/C _k297.12 _mWAT/C |
||